| 000 | 00888nam a2200217Ia 4500 | ||
|---|---|---|---|
| 001 | 4662 | ||
| 003 | GE_BSU | ||
| 008 | 181216s||||||||xx |||||||||||||| ||und|| | ||
| 040 | _cGE_BSU | ||
| 080 | _a911.2(030)=161.1=111=11=131.1 | ||
| 245 | _aЧетырехъязычный энциклопедический словарь терминов по физической географии. | ||
| 245 | _bРусско-англо-немецко-французский. | ||
| 245 | _cПод ред. А.И. Спиридонова. соси. И.С. Щукин. | ||
| 260 | _aМосква | ||
| 260 | _bСоветская Энциклопедия | ||
| 260 | _c1980 | ||
| 300 | _a703 с. 21 см. | ||
| 541 | _h20 л. | ||
| 653 | _aЧетырехъязычный энциклопедический словарь терминов по физической географии. | ||
| 942 | _cBK | ||
| 999 |
_c38561 _d38561 |
||